Chris Hemsworth - All The Movies - Statistics

General Stats
  • This quiz has been taken 5 times
  • The average score is 21 of 33
Answer Stats
Picture Answer % Correct
Avengers: Age Of Ultron (2015)
100%
Avengers: Endgame (2019)
100%
Avengers: Infinity War (2018)
100%
Extraction (2020)
100%
Furiosa: A Mad Max Saga (2024)
100%
Men In Black: International (2019)
100%
The Avengers (2012)
100%
Thor (2011)
100%
Thor: Ragnarok (2017)
100%
Extraction 2 (2023)
75%
Ghostbusters (2016)
75%
In The Heart Of The Sea (2015)
75%
Star Trek (2009)
75%
The Huntsman: Winter’s War (2016)
75%
Thor: Love And Thunder (2022)
75%
Thor: The Dark World (2013)
75%
Transformers One (2024)
75%
Vacation (2015)
75%
12 Strong (2018)
50%
Bad Times At The El Royale (2018)
50%
Rush (2013)
50%
Snow White & The Huntsman (2012)
50%
Spiderhead (2022)
50%
The Cabin In The Woods (2012)
50%
What If…? (2021)
50%
A Perfect Getaway (2009)
25%
Blackhat (2015)
25%
Ca$h (2010)
25%
Heroes & Demons (2011)
25%
Home And Away (2004)
25%
Jay And Silent Bob Reboot (2019)
25%
Neighbours (2002)
25%
Red Dawn (2012)
25%
No matching quizzes found
Score Distribution
Percent of People with Each Score
Percentile by Number Answered
Your Score History
You have not taken this quiz